Juran on leadership for quality : an executive handbook

Bibliographic Details
Main Author: Juran, J.M
Format: Book
Published: New York : The Free Press , 1989
Subjects:

MARC

LEADER 00000cam a2200000 7i4500
001 0000024508
002 000026462
005 20000330.0
020 |a 0029166829 
090 0 0 |a 658.562   |b JUR 
100 1 |a Juran, J.M 
245 1 0 |a Juran on leadership for quality :   |b an executive handbook   |c J.M.Juran 
260 |a New York :   |b The Free Press ,   |c 1989 
300 |a 376p. ;   |c 23cm. 
650 0 0 |a Quality assurance   |x Handbooks, manuals, etc 
650 0 0 |a Quality control   |x Handbooks, manuals, etc 
999 |a 00073035   |b BUKU   |c PINJAMAN   |e PERPUSTAKAAN KOMUNITI PETALING JAYA